| 000 | 00376nam a22001337a 4500 | ||
|---|---|---|---|
| 008 | 230619b xxu||||| |||| 00| 0 eng d | ||
| 082 |
_a021 _bKLA |
||
| 110 | _bKenya Library Association | ||
| 245 |
_aThe Maktaba _bA journal of the Kemya Library Association |
||
| 260 |
_aNairobi, Kenya _bKLA _c2017 |
||
| 300 | _a186p | ||
| 440 |
_nNo. 2 2017 _vvol 6 _x02535971 |
||
| 942 |
_2ddc _cBK |
||
| 999 |
_c1179 _d1179 |
||